Welcome to the Holygrace Academy Library

Please use search bar below to get started

LALLU UNCLENTE KUSRUTHIKAL (Record no. 7079)

MARC details
000 -LEADER
fixed length control field 00329nam a22001337a 4500
020 ## - INTERNATIONAL STANDARD BOOK NUMBER
ISBN 978-93-5732-237-9
082 ## - DEWEY DECIMAL CLASSIFICATION NUMBER
Classification number 894.812
Item number RAJ/L
100 ## - MAIN ENTRY--AUTHOR NAME
Personal name SIVASHANKAR, RAJEEV
245 ## - TITLE STATEMENT
Title LALLU UNCLENTE KUSRUTHIKAL
260 ## - PUBLICATION, DISTRIBUTION, ETC. (IMPRINT)
Place of publication KOTTAYAM
Name of publisher DC BOOKS
Year of publication 2023
300 ## - PHYSICAL DESCRIPTION
Number of Pages 182
650 ## - SUBJECT ADDED ENTRY--TOPICAL TERM
Topical Term MALAYALAM LITERATURE/ NOVEL
Geographic subdivision KERALA
942 ## - ADDED ENTRY ELEMENTS (KOHA)
Koha item type Books
Holdings
Withdrawn status Lost status Collection code Home library Current library Shelving location Date acquired Source of acquisition Cost, normal purchase price Full call number Accession Number Koha item type
    Fiction Main Library Main Library NEW SHELF WITH NEW ENTRY 26/10/2023 purchase 220.00 894.812 RAJ/L 13237 Books